000 00476nam a2200181Ia 4500
001 1932
005 20260306143805.0
008 260306t2011||||xx |||||||||||||| ||spa||
041 _aESP
082 _a158.1
_bS56
100 _aSimón, Vicente
_eAUT
245 0 _aAprender a practicar mindfulness:
_by abrir el corazón a la sabiduría y la compasión
260 _c2011
300 _a220 páginas :
_c23 cm.
650 _aGEN
654 _aCPS
942 _cLIB
_dJUS
_fJUS
_2ddc
_n
999 _c1932
_d1932